[Event "2024 US National High School (K-12) Championship"]
[Site "Baltimore, Maryland, United States"]
[Date "2024.04.05"]
[Round "1.14"]
[White "Hsiao, Ethan"]
[Black "Vanapalli, Vishnu"]
[Result "0-1"]
[TimeControl "G/90; d10"]
[BlackTitle "FM"]
[WhiteFideId "30984769"]
[BlackFideId "30920523"]
[WhiteElo "2029"]
[BlackElo "2392"]

1. e4 {[%clk 01:30:00]} {[%emt 00:00:05]} e5 {[%clk 01:29:55]} {[%emt
00:00:14]} 2. Nf3 {[%clk 01:30:00]} {[%emt 00:00:11]} Nc6 {[%clk 01:29:55]}
{[%emt 00:00:07]} 3. d4 {[%clk 01:30:00]} {[%emt 00:00:10]} exd4 {[%clk
01:29:55]} {[%emt 00:00:06]} 4. Bc4 {[%emt 00:00:10]} Bc5 {[%clk 01:29:55]}
{[%emt 00:00:06]} 5. Ng5 {[%clk 01:30:00]} {[%emt 00:00:09]} Nh6 {[%clk
01:29:55]} {[%emt 00:00:06]} 6. Bxf7+ {[%clk 01:29:54]} {[%emt 00:00:17]} Nxf7
{[%clk 01:29:34]} {[%emt 00:00:30]} 7. Nxf7 {[%clk 01:29:54]} {[%emt 00:00:04]}
Kxf7 {[%clk 01:29:10]} {[%emt 00:00:36]} 8. Qh5+ {[%clk 01:29:54]} {[%emt
00:00:04]} g6 {[%clk 01:29:10]} {[%emt 00:00:07]} 9. Qxc5 {[%clk 01:29:54]}
{[%emt 00:00:04]} d5 {[%clk 01:29:10]} {[%emt 00:00:05]} 10. O-O {[%clk
01:29:23]} {[%emt 00:00:41]} dxe4 {[%clk 01:29:10]} {[%emt 00:00:06]} 11. c3
{[%clk 01:29:14]} {[%emt 00:00:19]} Bf5 {[%clk 01:27:22]} {[%emt 00:01:57]} 12.
Bf4 {[%clk 01:26:15]} {[%emt 00:03:08]} Re8 {[%clk 01:24:37]} {[%emt 00:02:56]}
13. Nd2 {[%clk 01:22:44]} {[%emt 00:03:41]} Qd7 {[%clk 01:19:15]} {[%emt
00:05:32]} 14. Rad1 {[%clk 01:08:37]} {[%emt 00:14:17]} b6 {[%clk 01:14:05]}
{[%emt 00:05:21]} 15. Qc4+ {[%clk 01:07:10]} {[%emt 00:01:36]} Be6 {[%clk
01:10:08]} {[%emt 00:04:07]} 16. Qa4 {[%clk 01:05:53]} {[%emt 00:01:27]} Bf5
{[%clk 00:44:21]} {[%emt 00:25:57]} 17. Qc4+ {[%clk 00:50:27]} {[%emt
00:15:36]} Re6 {[%clk 00:33:42]} {[%emt 00:10:49]} 18. f3 {[%clk 00:37:50]}
{[%emt 00:12:47]} e3 {[%clk 00:14:09]} {[%emt 00:19:43]} 19. Ne4 {[%clk
00:35:08]} {[%emt 00:02:51]} Bxe4 {[%clk 00:11:03]} {[%emt 00:03:17]} 20. fxe4
{[%clk 00:34:35]} {[%emt 00:00:42]} Kg7 {[%clk 00:10:47]} {[%emt 00:00:27]} 21.
e5 {[%clk 00:24:10]} {[%emt 00:10:35]} Nxe5 {[%clk 00:08:23]} {[%emt 00:02:34]}
22. Bxe5+ {[%clk 00:24:10]} {[%emt 00:00:07]} Rxe5 {[%clk 00:08:23]} {[%emt
00:00:06]} 23. Rxd4 {[%clk 00:24:10]} {[%emt 00:00:04]} Qe7 {[%clk 00:07:22]}
{[%emt 00:01:11]} 24. Rdf4 {[%clk 00:23:29]} {[%emt 00:00:50]} Re6 {[%clk
00:06:28]} {[%emt 00:01:06]} 25. Qe2 {[%clk 00:15:44]} {[%emt 00:07:54]} Re8
{[%clk 00:06:28]} {[%emt 00:00:09]} 26. Qf3 {[%clk 00:07:19]} {[%emt 00:08:34]}
Kg8 {[%clk 00:06:13]} {[%emt 00:00:26]} 27. Rf7 {[%clk 00:06:33]} {[%emt
00:00:55]} Qc5 {[%clk 00:03:50]} {[%emt 00:02:33]} 28. b4 {[%clk 00:06:29]}
{[%emt 00:00:15]} Qd6 {[%clk 00:03:50]} 29. Re1 {[%clk 00:01:28]} {[%emt
00:05:10]} e2 {[%clk 00:03:38]} {[%emt 00:00:23]} 30. Qf2 {[%clk 00:01:05]}
{[%emt 00:00:32]} Qc6 {[%clk 00:01:54]} {[%emt 00:01:55]} 31. Rf3 {[%clk
00:00:55]} {[%emt 00:00:20]} Qd7 {[%clk 00:01:50]} {[%emt 00:00:14]} 32. Qd4
{[%clk 00:00:25]} {[%emt 00:00:40]} Qxd4+ {[%clk 00:00:17]} {[%emt 00:01:43]}
33. cxd4 {[%clk 00:00:25]} {[%emt 00:00:02]} Re4 {[%clk 00:00:17]} {[%emt
00:00:09]} 34. Rd3 {[%clk 00:00:25]} {[%emt 00:00:06]} Rd8 {[%clk 00:00:17]}
{[%emt 00:00:10]} 35. a3 {[%clk 00:00:12]} {[%emt 00:00:23]} Rd7 {[%clk
00:00:17]} {[%emt 00:00:09]} 36. Rd2 {[%clk 00:00:12]} {[%emt 00:00:05]} Rde7
{[%clk 00:00:17]} {[%emt 00:00:04]} 37. Kf2 {[%clk 00:00:12]} {[%emt 00:00:03]}
Rf7+ {[%clk 00:00:17]} {[%emt 00:00:07]} 38. Kg1 {[%clk 00:00:12]} {[%emt
00:00:01]} Rfe7 {[%clk 00:00:17]} {[%emt 00:00:03]} 39. Kf2 {[%clk 00:00:12]}
{[%emt 00:00:05]} Kf7 {[%clk 00:00:17]} {[%emt 00:00:02]} 40. Rexe2 {[%clk
00:00:12]} {[%emt 00:00:04]} Rxe2+ {[%clk 00:00:17]} {[%emt 00:00:03]} 41. Rxe2
{[%clk 00:00:12]} {[%emt 00:00:02]} Rxe2+ {[%clk 00:00:17]} {[%emt 00:00:05]}
42. Kxe2 {[%clk 00:00:12]} {[%emt 00:00:02]} Ke6 {[%clk 00:00:17]} {[%emt
00:00:04]} 43. Ke3 {[%clk 00:00:12]} {[%emt 00:00:03]} Kd5 {[%clk 00:00:17]}
{[%emt 00:00:04]} 44. Kd3 {[%clk 00:00:12]} {[%emt 00:00:01]} b5 {[%clk
00:00:17]} {[%emt 00:00:08]} 45. g3 {[%clk 00:00:03]} {[%emt 00:00:20]} a6
{[%clk 00:00:17]} {[%emt 00:00:09]} 46. h3 {[%clk 00:00:03]} {[%emt 00:00:04]}
h6 {[%clk 00:00:17]} {[%emt 00:00:06]} 47. g4 {[%clk 00:00:02]} {[%emt
00:00:11]} g5 {[%clk 00:00:05]} {[%emt 00:00:22]} 48. Ke3 {[%clk 00:00:00]}
{[%emt 00:00:12]} Kc4 {[%clk 00:00:05]} {[%emt 00:00:02]} 0-1

[Event "2024 US National High School (K-12) Championship"]
[Site "Baltimore, Maryland, United States"]
[Date "2024.04.05"]
[Round "1.15"]
[White "Mei, Austin R"]
[Black "Nguyen, Chance"]
[Result "1-0"]
[TimeControl "G/90; d10"]
[WhiteTitle "FM"]
[BlackTitle "WCM"]
[WhiteFideId "30948479"]
[BlackFideId "30933080"]
[WhiteElo "2331"]
[BlackElo "2028"]

1. e4 {[%clk 01:30:00]} c5 {[%clk 01:30:00]} {[%emt 00:00:02]} 2. Nf3 {[%clk
01:30:00]} {[%emt 00:00:05]} d6 {[%clk 01:30:00]} {[%emt 00:00:06]} 3. d4
{[%clk 01:30:00]} {[%emt 00:00:03]} cxd4 {[%clk 01:30:00]} {[%emt 00:00:06]} 4.
Nxd4 {[%clk 01:30:00]} {[%emt 00:00:02]} Nf6 {[%clk 01:30:00]} {[%emt
00:00:09]} 5. Nc3 {[%clk 01:30:00]} {[%emt 00:00:03]} a6 {[%clk 01:30:00]}
{[%emt 00:00:08]} 6. f3 {[%clk 01:30:00]} {[%emt 00:00:04]} e5 {[%clk
01:29:51]} {[%emt 00:00:20]} 7. Nb3 {[%clk 01:30:00]} {[%emt 00:00:03]} h5
{[%clk 01:27:12]} {[%emt 00:02:49]} 8. Be3 {[%clk 01:28:18]} {[%emt 00:01:53]}
Be6 {[%clk 01:26:21]} {[%emt 00:01:01]} 9. Qd2 {[%clk 01:28:16]} {[%emt
00:00:11]} Be7 {[%clk 01:26:10]} {[%emt 00:00:22]} 10. O-O-O {[%clk 01:28:16]}
{[%emt 00:00:06]} O-O {[%clk 01:25:45]} {[%emt 00:00:35]} 11. Kb1 {[%clk
01:26:05]} {[%emt 00:02:21]} Nbd7 {[%clk 01:24:59]} {[%emt 00:00:56]} 12. Nd5
{[%clk 01:14:49]} {[%emt 00:11:26]} Nxd5 {[%clk 01:22:40]} {[%emt 00:02:29]} 13.
exd5 {[%clk 01:14:49]} {[%emt 00:00:04]} Bf5 {[%clk 01:22:26]} {[%emt
00:00:24]} 14. Bd3 {[%clk 01:14:49]} {[%emt 00:00:09]} Bxd3 {[%clk 01:20:40]}
{[%emt 00:01:56]} 15. Qxd3 {[%clk 01:14:49]} {[%emt 00:00:02]} Rc8 {[%clk
01:08:43]} {[%emt 00:12:07]} 16. g4 {[%clk 01:11:04]} {[%emt 00:03:55]} h4
{[%clk 01:05:44]} {[%emt 00:03:10]} 17. Rhg1 {[%emt 00:03:28]} g5 {[%clk
01:04:24]} {[%emt 00:01:27]} 18. Nd2 {[%clk 01:07:01]} {[%emt 00:00:57]} Nc5
{[%clk 01:03:09]} {[%emt 00:01:26]} 19. Bxc5 {[%clk 00:57:30]} {[%emt
00:09:41]} Rxc5 {[%clk 01:02:29]} {[%emt 00:00:49]} 20. Ne4 {[%clk 00:57:30]}
{[%emt 00:00:03]} Rc7 {[%clk 01:00:25]} {[%emt 00:02:13]} 21. c4 {[%clk
00:56:16]} {[%emt 00:01:24]} b6 {[%clk 00:57:42]} {[%emt 00:02:55]} 22. Rc1
{[%clk 00:56:15]} {[%emt 00:00:10]} Kg7 {[%clk 00:55:59]} {[%emt 00:01:54]} 23.
Qe3 {[%emt 00:01:09]} Rb7 {[%clk 00:53:44]} {[%emt 00:02:22]} 24. Rc3 {[%clk
00:52:52]} {[%emt 00:02:36]} f6 {[%clk 00:52:53]} {[%emt 00:01:02]} 25. Rb3
{[%clk 00:48:42]} {[%emt 00:04:19]} Qc7 {[%clk 00:49:17]} {[%emt 00:03:47]} 26.
Rc1 {[%clk 00:48:42]} {[%emt 00:00:06]} Rfb8 {[%clk 00:49:00]} {[%emt
00:00:27]} 27. Qd3 {[%clk 00:44:29]} {[%emt 00:04:23]} Qd7 {[%clk 00:47:01]}
{[%emt 00:02:10]} 28. Rbc3 {[%clk 00:42:47]} {[%emt 00:01:52]} Rf8 {[%clk
00:44:13]} {[%emt 00:02:57]} 29. Qd2 {[%clk 00:40:02]} {[%emt 00:02:55]} Kh6
{[%clk 00:41:44]} {[%emt 00:02:40]} 30. Ka1 {[%clk 00:39:01]} {[%emt 00:01:11]}
Rc7 {[%clk 00:39:19]} {[%emt 00:02:35]} 31. b4 {[%clk 00:35:25]} {[%emt
00:03:46]} Rd8 {[%clk 00:23:32]} {[%emt 00:15:57]} 32. Rd3 {[%clk 00:33:00]}
{[%emt 00:02:35]} Rdc8 {[%clk 00:19:30]} {[%emt 00:04:12]} 33. c5 {[%clk
00:30:17]} {[%emt 00:02:54]} Qb5 {[%clk 00:16:32]} {[%emt 00:03:07]} 34. Rb1
{[%clk 00:20:23]} {[%emt 00:10:04]} Kg7 {[%clk 00:14:02]} {[%emt 00:02:39]} 35.
Rc3 {[%clk 00:12:10]} {[%emt 00:08:23]} Qd7 {[%clk 00:10:41]} {[%emt 00:03:30]}
36. Rbc1 {[%clk 00:10:54]} {[%emt 00:01:27]} b5 {[%clk 00:08:57]} {[%emt
00:01:55]} 37. h3 {[%clk 00:08:12]} {[%emt 00:02:52]} Kf7 {[%clk 00:05:23]}
{[%emt 00:03:44]} 38. Kb2 {[%clk 00:05:38]} {[%emt 00:02:43]} Kg7 {[%clk
00:01:53]} {[%emt 00:03:40]} 39. cxd6 {[%clk 00:04:36]} {[%emt 00:01:13]} Rxc3
{[%clk 00:01:35]} {[%emt 00:00:28]} 40. Rxc3 {[%clk 00:04:36]} {[%emt
00:00:06]} Rxc3 {[%clk 00:01:34]} {[%emt 00:00:10]} 41. Qxc3 {[%clk 00:04:36]}
{[%emt 00:00:05]} Bxd6 {[%clk 00:01:32]} {[%emt 00:00:12]} 42. Qc6 {[%clk
00:04:35]} {[%emt 00:00:10]} Qxc6 {[%clk 00:00:46]} {[%emt 00:00:56]} 43. dxc6
{[%clk 00:04:35]} {[%emt 00:00:02]} Bc7 {[%clk 00:00:18]} {[%emt 00:00:38]} 44.
Nc5 {[%clk 00:04:35]} {[%emt 00:00:04]} Kf7 {[%clk 00:00:18]} {[%emt 00:00:04]}
45. Nxa6 {[%clk 00:04:35]} {[%emt 00:00:05]} Bb6 {[%clk 00:00:18]} {[%emt
00:00:05]} 46. c7 {[%clk 00:04:35]} {[%emt 00:00:04]} Bxc7 {[%clk 00:00:18]}
{[%emt 00:00:03]} 47. Nxc7 {[%emt 00:00:03]} f5 {[%clk 00:00:14]} {[%emt
00:00:12]} 48. Kc3 {[%clk 00:02:42]} {[%emt 00:02:03]} e4 {[%clk 00:00:14]}
{[%emt 00:00:04]} 49. Kd4 {[%clk 00:02:42]} {[%emt 00:00:09]} exf3 {[%clk
00:00:14]} {[%emt 00:00:05]} 50. Ke3 {[%clk 00:02:42]} {[%emt 00:00:03]} fxg4
{[%clk 00:00:14]} {[%emt 00:00:05]} 51. hxg4 {[%clk 00:02:42]} {[%emt
00:00:07]} h3 {[%clk 00:00:14]} {[%emt 00:00:08]} 52. Kxf3 {[%clk 00:02:42]}
{[%emt 00:00:04]} Kf6 {[%clk 00:00:14]} {[%emt 00:00:07]} 53. Kg3 {[%clk
00:02:42]} {[%emt 00:00:04]} Ke5 {[%clk 00:00:14]} {[%emt 00:00:03]} 54. Nxb5
{[%clk 00:02:42]} {[%emt 00:00:05]} h2 {[%clk 00:00:14]} {[%emt 00:00:09]} 55.
Kxh2 {[%clk 00:02:42]} {[%emt 00:00:01]} Kf4 {[%clk 00:00:14]} {[%emt
00:00:02]} 56. a4 {[%clk 00:02:41]} {[%emt 00:00:12]} Kxg4 {[%clk 00:00:14]}
{[%emt 00:00:02]} 57. Kg2 {[%clk 00:02:40]} {[%emt 00:00:11]} Kh4 {[%clk
00:00:08]} {[%emt 00:00:16]} 58. a5 {[%clk 00:02:40]} {[%emt 00:00:01]} g4
{[%clk 00:00:08]} {[%emt 00:00:02]} 59. a6 {[%clk 00:02:40]} {[%emt 00:00:07]}
Kg5 {[%clk 00:00:08]} {[%emt 00:00:02]} 60. a7 {[%clk 00:02:40]} {[%emt
00:00:03]} Kf5 {[%clk 00:00:08]} {[%emt 00:00:03]} 61. a8=Q {[%clk 00:02:40]}
{[%emt 00:00:06]} Kg5 {[%clk 00:00:08]} {[%emt 00:00:08]} 62. Qe4 {[%clk
00:02:34]} {[%emt 00:00:16]} Kh4 {[%clk 00:00:08]} {[%emt 00:00:04]} 63. Qg6
{[%clk 00:02:28]} {[%emt 00:00:15]} g3 {[%clk 00:00:08]} {[%emt 00:00:03]} 64.
Qxg3+ {[%clk 00:02:28]} {[%emt 00:00:05]} Kh5 {[%clk 00:00:08]} {[%emt
00:00:02]} 65. Kf3 {[%clk 00:02:18]} {[%emt 00:00:20]} Kh6 {[%clk 00:00:08]}
{[%emt 00:00:02]} 66. Kf4 {[%clk 00:02:18]} {[%emt 00:00:08]} Kh5 {[%clk
00:00:08]} {[%emt 00:00:02]} 67. Qg5+ {[%emt 00:00:05]} 1-0

[Event "2024 US National High School (K-12) Championship"]
[Site "Baltimore, Maryland, United States"]
[Date "2024.04.05"]
[Round "1.16"]
[White "Wang, Ryan"]
[Black "Gao, Marvin"]
[Result "0-1"]
[TimeControl "G/90; d10"]
[BlackTitle "CM"]
[WhiteFideId "30930995"]
[BlackFideId "30920175"]
[WhiteElo "2025"]
[BlackElo "2325"]

1. d4 {[%clk 01:30:00]} {[%emt 00:00:01]} Nf6 {[%clk 01:22:19]} {[%emt
00:07:52]} 2. c4 {[%clk 01:30:00]} {[%emt 00:00:08]} c5 {[%clk 01:21:23]}
{[%emt 00:01:06]} 3. d5 {[%clk 01:29:57]} {[%emt 00:00:14]} b5 {[%clk
01:21:23]} {[%emt 00:00:07]} 4. cxb5 {[%clk 01:29:49]} {[%emt 00:00:17]} a6
{[%clk 01:21:23]} {[%emt 00:00:06]} 5. bxa6 {[%clk 01:29:48]} {[%emt 00:00:11]}
g6 {[%clk 01:21:22]} {[%emt 00:00:11]} 6. Nc3 {[%clk 01:29:44]} {[%emt
00:00:15]} Bg7 {[%clk 01:21:19]} {[%emt 00:00:12]} 7. e4 {[%clk 01:29:44]}
{[%emt 00:00:09]} O-O {[%clk 01:21:11]} {[%emt 00:00:18]} 8. a7 {[%clk
01:29:44]} {[%emt 00:00:07]} Rxa7 {[%clk 01:18:59]} {[%emt 00:02:22]} 9. Nf3
{[%clk 01:29:38]} {[%emt 00:00:16]} d6 {[%clk 01:16:33]} {[%emt 00:02:37]} 10.
Be2 {[%clk 01:29:24]} {[%emt 00:00:24]} Ba6 {[%clk 01:13:01]} {[%emt 00:03:41]}
11. O-O {[%clk 01:27:37]} {[%emt 00:01:58]} Nbd7 {[%clk 01:07:54]} {[%emt
00:05:16]} 12. Nd2 {[%clk 01:18:46]} {[%emt 00:09:01]} Qa8 {[%clk 01:02:11]}
{[%emt 00:05:52]} 13. Bxa6 {[%clk 01:01:31]} {[%emt 00:17:26]} Rxa6 {[%clk
01:02:11]} {[%emt 00:00:08]} 14. Nc4 {[%clk 01:01:07]} {[%emt 00:00:35]} Rb8
{[%clk 01:01:54]} {[%emt 00:00:26]} 15. Qe2 {[%clk 00:58:25]} {[%emt 00:02:52]}
Ne8 {[%clk 00:59:52]} {[%emt 00:02:12]} 16. a3 {[%clk 00:42:07]} {[%emt
00:16:29]} Nc7 {[%clk 00:49:24]} {[%emt 00:10:37]} 17. Bg5 {[%clk 00:35:31]}
{[%emt 00:06:47]} Bxc3 {[%clk 00:41:33]} {[%emt 00:08:00]} 18. bxc3 {[%clk
00:34:32]} {[%emt 00:01:10]} f6 {[%clk 00:41:30]} {[%emt 00:00:13]} 19. Bd2
{[%clk 00:33:29]} {[%emt 00:01:12]} Ra4 {[%clk 00:41:15]} {[%emt 00:00:25]} 20.
Ne3 {[%clk 00:22:07]} {[%emt 00:11:32]} Rxe4 {[%clk 00:32:29]} {[%emt
00:08:56]} 21. f3 {[%clk 00:11:03]} {[%emt 00:11:14]} Re5 {[%clk 00:27:58]}
{[%emt 00:04:41]} 22. c4 {[%clk 00:09:54]} {[%emt 00:01:19]} Rb3 {[%clk
00:24:44]} {[%emt 00:03:24]} 23. Rfb1 {[%clk 00:09:16]} {[%emt 00:00:49]} Qb7
{[%clk 00:17:18]} {[%emt 00:07:36]} 24. Qd1 {[%clk 00:08:38]} {[%emt 00:00:48]}
Rxb1 {[%clk 00:17:18]} {[%emt 00:00:05]} 25. Rxb1 {[%clk 00:08:38]} {[%emt
00:00:05]} Qa6 {[%clk 00:17:18]} {[%emt 00:00:05]} 26. Qb3 {[%clk 00:07:29]}
{[%emt 00:01:19]} Nf8 {[%clk 00:09:59]} {[%emt 00:07:29]} 27. Ng4 {[%clk
00:05:53]} {[%emt 00:01:46]} Re2 {[%clk 00:09:14]} {[%emt 00:00:55]} 28. Bh6
{[%clk 00:04:50]} {[%emt 00:01:13]} Ne8 {[%clk 00:09:14]} {[%emt 00:00:10]} 29.
Kf1 {[%clk 00:04:34]} {[%emt 00:00:26]} Re5 {[%clk 00:08:42]} {[%emt 00:00:41]}
30. Nxe5 {[%clk 00:04:19]} {[%emt 00:00:24]} fxe5 {[%clk 00:08:35]} {[%emt
00:00:17]} 31. Qb5 {[%clk 00:03:00]} {[%emt 00:01:29]} Qc8 {[%clk 00:08:35]}
{[%emt 00:00:10]} 32. Qb8 {[%clk 00:02:55]} {[%emt 00:00:15]} Qf5 {[%clk
00:08:12]} {[%emt 00:00:34]} 33. Qb3 {[%clk 00:01:32]} {[%emt 00:01:33]} e4
{[%clk 00:07:59]} {[%emt 00:00:22]} 34. g4 {[%clk 00:00:43]} {[%emt 00:00:59]}
Qf6 {[%clk 00:06:02]} {[%emt 00:02:08]} 35. Qb2 {[%clk 00:00:29]} {[%emt
00:00:24]} Qxf3+ {[%clk 00:06:01]} {[%emt 00:00:10]} 36. Qf2 {[%clk 00:00:27]}
{[%emt 00:00:12]} Qh3+ {[%clk 00:06:01]} {[%emt 00:00:06]} 37. Kg1 {[%clk
00:00:27]} {[%emt 00:00:04]} Qxh6 {[%clk 00:06:01]} {[%emt 00:00:05]} 38. Rb8
{[%clk 00:00:27]} {[%emt 00:00:06]} Nf6 {[%clk 00:06:01]} {[%emt 00:00:09]} 39.
a4 {[%clk 00:00:10]} {[%emt 00:00:27]} Nxg4 {[%clk 00:05:42]} {[%emt 00:00:29]}
40. Qg3 {[%clk 00:00:08]} {[%emt 00:00:12]} Qc1+ {[%clk 00:05:38]} {[%emt
00:00:14]} 41. Kg2 {[%clk 00:00:08]} {[%emt 00:00:01]} Ne3+ {[%clk 00:05:37]}
{[%emt 00:00:11]} 42. Kh3 {[%clk 00:00:08]} {[%emt 00:00:06]} Qf1+ {[%clk
00:05:37]} {[%emt 00:00:04]} 43. Kh4 {[%clk 00:00:08]} {[%emt 00:00:05]} Nf5+
{[%clk 00:05:37]} {[%emt 00:00:06]} 44. Kg5 {[%clk 00:00:08]} {[%emt 00:00:03]}
Nxg3 {[%clk 00:05:37]} {[%emt 00:00:07]} 45. Kf5 {[%emt 00:00:06]} e3+ 0-1

[Event "2024 US National High School (K-12) Championship"]
[Site "Baltimore, Maryland, United States"]
[Date "2024.04.05"]
[Round "1.17"]
[White "Johnson, Donald"]
[Black "Tyrrell, Benjamin"]
[Result "1-0"]
[TimeControl "G/90; d10"]
[WhiteTitle "FM"]
[WhiteFideId "30949122"]
[BlackFideId "30957443"]
[WhiteElo "2287"]
[BlackElo "2023"]

1. e4 {[%clk 01:30:00]} c5 {[%clk 01:29:57]} {[%emt 00:00:13]} 2. Nf3 {[%clk
01:30:00]} {[%emt 00:00:02]} d6 {[%clk 01:29:57]} {[%emt 00:00:07]} 3. Nc3
{[%clk 01:30:00]} {[%emt 00:00:05]} Nf6 {[%clk 01:29:20]} {[%emt 00:00:47]} 4.
d4 {[%clk 01:30:00]} {[%emt 00:00:07]} cxd4 {[%clk 01:29:11]} {[%emt 00:00:19]}
5. Nxd4 {[%clk 01:30:00]} g6 {[%clk 01:29:11]} {[%emt 00:00:09]} 6. Be3 {[%clk
01:30:00]} Bg7 {[%clk 01:29:11]} {[%emt 00:00:08]} 7. f3 {[%clk 01:30:00]} O-O
{[%clk 01:29:11]} {[%emt 00:00:08]} 8. Qd2 {[%clk 01:30:00]} {[%emt 00:00:02]}
Nc6 {[%clk 01:29:11]} {[%emt 00:00:06]} 9. O-O-O {[%emt 00:00:02]} d5 {[%clk
01:29:11]} {[%emt 00:00:06]} 10. exd5 {[%clk 01:30:00]} Nxd5 {[%clk 01:29:11]}
{[%emt 00:00:08]} 11. Nxc6 {[%clk 01:30:00]} bxc6 {[%clk 01:29:11]} {[%emt
00:00:10]} 12. Bd4 {[%clk 01:30:00]} e5 {[%clk 01:24:44]} {[%emt 00:04:36]} 13.
Bc5 {[%clk 01:30:00]} {[%emt 00:00:02]} Be6 {[%clk 01:24:44]} {[%emt 00:00:08]}
14. Ne4 {[%clk 01:30:00]} {[%emt 00:00:04]} Re8 {[%clk 01:23:53]} {[%emt
00:01:01]} 15. h4 {[%clk 01:30:00]} {[%emt 00:00:02]} h6 {[%clk 01:22:53]}
{[%emt 00:01:09]} 16. h5 {[%clk 01:30:00]} {[%emt 00:00:02]} g5 {[%clk
01:20:12]} {[%emt 00:02:50]} 17. g4 {[%clk 01:30:00]} {[%emt 00:00:10]} Nf4
{[%clk 01:19:06]} {[%emt 00:01:15]} 18. Qxd8 {[%clk 01:16:56]} {[%emt
00:13:16]} Rexd8 {[%clk 01:17:41]} {[%emt 00:01:35]} 19. Rxd8+ {[%clk
01:10:51]} {[%emt 00:06:15]} Rxd8 {[%clk 01:17:41]} {[%emt 00:00:03]} 20. a4
{[%clk 01:03:14]} {[%emt 00:07:48]} Bf8 {[%clk 01:12:34]} {[%emt 00:05:17]} 21.
Be3 {[%clk 00:57:25]} {[%emt 00:05:58]} Kg7 {[%clk 01:08:15]} {[%emt 00:04:30]}
22. Rh2 {[%clk 00:46:53]} {[%emt 00:10:43]} Bd5 {[%clk 01:01:25]} {[%emt
00:06:59]} 23. Rd2 {[%emt 00:06:31]} Be7 {[%clk 00:59:25]} {[%emt 00:02:09]} 24.
b3 {[%clk 00:38:04]} {[%emt 00:02:38]} Bxe4 {[%clk 00:53:34]} {[%emt 00:06:01]}
25. fxe4 {[%clk 00:36:44]} {[%emt 00:01:31]} Rxd2 {[%clk 00:52:11]} {[%emt
00:01:33]} 26. Kxd2 {[%clk 00:36:43]} {[%emt 00:00:10]} c5 {[%clk 00:51:17]}
{[%emt 00:01:05]} 27. Kc3 {[%clk 00:35:08]} {[%emt 00:01:44]} Kf6 {[%clk
00:45:23]} {[%emt 00:06:04]} 28. Kc4 {[%clk 00:34:08]} {[%emt 00:01:10]} Ne6
{[%clk 00:45:00]} {[%emt 00:00:34]} 29. c3 {[%clk 00:33:35]} {[%emt 00:00:42]}
1-0